[Event "71st MNE-ch 2019"]
[Site "Podgorica"]
[Date "2019.05.21"]
[Round "4.14"]
[White "Pobor, Milo"]
[Black "Bacic, Kristina"]
[Result "1-0"]
[WhiteElo "1960"]
[BlackElo "1819"]
[Annotator "NA RC"]
[PlyCount "57"]
[EventDate "2019.05.18"]
[EventType "swiss"]
[EventRounds "9"]
[EventCountry "MNE"]
[SourceTitle "playchess.com"]
[Source "ChessBase"]
[SourceQuality "1"]
[TimeControl "40/5400+30:1800+30"]

1. e4 d5 2. exd5 Qxd5 3. Nc3 Qd8 4. d4 Nf6 5. Nf3 c6 6. Be3 Bg4 7. h3 Bh5 8. g4 Bg6 9. Ne5 Nd5 10. Qf3 Nxc3 11. bxc3 Nd7 12. Nxg6 hxg6 13. Bc4 e6 14. Bb3 Nf6 15. O-O Nd5 16. c4 Nxe3 17. fxe3 Qf6 18. Qg2 Qh4 19. Rf3 Be7 20. Raf1 Bg5 21. d5 O-O-O 22. dxc6 bxc6 23. Rg3 Rd6 24. c5 Rd2 25. Qxc6+ Kb8 26. Qb5+ Ka8 27. Bd5+ Rxd5 28. Qc6+ Kb8 29. Rb1# 1-0

[Event "71st MNE-ch 2019"]
[Site "Podgorica"]
[Date "2019.05.21"]
[Round "4.16"]
[White "Rakic, Tijana"]
[Black "Popovic, Mateja"]
[Result "1/2-1/2"]
[WhiteElo "1579"]
[BlackElo "1436"]
[Annotator "NA RC"]
[PlyCount "52"]
[EventDate "2019.05.18"]
[EventType "swiss"]
[EventRounds "9"]
[EventCountry "MNE"]
[SourceTitle "playchess.com"]
[Source "ChessBase"]
[SourceQuality "1"]
[TimeControl "40/5400+30:1800+30"]

1. e4 e5 2. d4 exd4 3. Nf3 Nc6 4. Nxd4 d6 5. Nc3 Nf6 6. Be3 g6 7. Bc4 Na5 8. Bb3 a6 9. O-O c5 10. Ba4+ b5 11. Bxb5+ axb5 12. Ndxb5 Ba6 13. f3 Nc4 14. Bc1 Be7 15. b3 Ne5 16. Bb2 O-O 17. Re1 Qb6 18. a4 Rfd8 19. Nd5 Nxd5 20. exd5 Bxb5 21. axb5 Rxa1 22. Bxa1 Qxb5 23. f4 Qb7 24. fxe5 dxe5 25. c4 f6 26. Re3 Ra8 1/2-1/2

[Event "71st MNE-ch 2019"]
[Site "Podgorica"]
[Date "2019.05.22"]
[Round "5"]
[White "Djukic, Nikola"]
[Black "Blagojevic, Dragisa"]
[Result "1-0"]
[WhiteElo "2552"]
[BlackElo "2499"]
[Annotator "TA RC"]
[PlyCount "55"]
[EventDate "2019.05.18"]
[EventType "swiss"]
[EventCountry "MNE"]
[SourceTitle "playchess.com"]
[Source "ChessBase"]
[SourceQuality "1"]

{[%evp 9,79,29,35,35,37,27,32,31,39,33,36,20,47,35,53,22,32,39,50,43,55,27,41,38,31,30,19,33,69,60,55,58,68,38,75,79,118,124,124,130,118,113,158,165,165,168,444,403,395,386,368,187,194,190,191,197,195,110,110,114,123,118,279,197,187,173,206,210,724,724,977,985]} 1. e4 e5 2. Nf3 Nc6 3. Bb5 g6 4. c3 a6 5. Ba4 Bg7 6. d4 {C70: Ruy Lopez: 3...a6 4 Ba4, Norwegian and Delayed Schliemann} b5 7. Bc2 exd4 8. cxd4 {White is slightly better.} d6 9. h3 (9. d5 Na5 10. O-O Ne7 11. Bd2 Bxb2 12. Bxa5 Bxa1 13. Nc3 {1-0 (24) Navara,D (2733)-Salgado Lopez,I (2624) Germany 2019}) 9... Nge7 10. Nc3 O-O 11. O-O Bb7 12. Be3 Na5 13. Qc1 Qd7 14. Bh6 b4 $146 ({Predecessor:} 14... Rae8 15. Bxg7 Kxg7 16. Nh4 h6 17. f4 {0-1 (48) Edvardsen,R (2001)-Foisor,S (2279) Reykjavik 2015}) 15. Bxg7 Kxg7 16. Ba4 Qd8 17. d5 c6 18. dxc6 Naxc6 19. Ne2 Qa5 20. Bxc6 Nxc6 21. Ng3 Ne5 22. Nd4 $1 Qd8 23. Rd1 {And now Ndf5+! would win.} Kh8 24. Qh6 Rg8 25. Qd2 a5 26. Nb5 Qb6 27. Nxd6 Rgd8 $2 (27... f6 28. Qd4 Qxd4 29. Rxd4 Ba6) 28. Qg5 {Played: Qd2-f4} 1-0

[Event "71st MNE-ch 2019"]
[Site "Podgorica"]
[Date "2019.05.22"]
[Round "5"]
[White "Kalezic, Blazo"]
[Black "Draskovic, Luka"]
[Result "1/2-1/2"]
[WhiteElo "2450"]
[BlackElo "2430"]
[Annotator "TA"]
[PlyCount "46"]
[EventDate "2019.05.18"]
[EventType "swiss"]
[EventCountry "MNE"]
[SourceTitle "playchess.com"]
[Source "ChessBase"]
[SourceQuality "1"]

{[%evp 24,46,18,26,24,27,22,8,19,6,3,6,29,0,0,-3,0,0,0,0,19,0,0,0,0]} 1. e4 c5 2. Nf3 d6 3. d4 cxd4 4. Nxd4 Nf6 5. Nc3 a6 6. Be3 e5 7. Nb3 Be6 8. f3 Be7 9. Qd2 Nbd7 10. O-O-O O-O 11. g4 b5 12. g5 Nh5 13. Nd5 Bxd5 $1 {B90: Sicilian Najdorf: Unusual White 6th moves, 6 Be3 Ng4 and 6 Be3 e5} 14. exd5 f6 {[%cal Rf6g5]} 15. gxf6 Rxf6 (15... Bxf6 16. Kb1 Nf4 17. Na5 Nb6 18. Nc6 Qc7 19. Bxf4 exf4 20. c3 Rae8 21. Rg1 {½-½ (88) So,W (2776)-Wojtaszek,R (2727) Batumi 2018}) 16. Na5 Nf4 (16... Rxf3 17. Nc6 $16) 17. Nc6 Qf8 18. c4 (18. a4 $5) 18... bxc4 {[#] The position is equal.} 19. Qb4 $146 ({Predecessor:} 19. Bxc4 Bd8 20. Qb4 Rf7 21. Rhg1 {½-½ (29) Firnhaber,I (2510)-Savoca,A (2455) ICCF email 2016}) 19... Ng6 20. Be2 Nf4 ({But not} 20... Rxf3 $6 21. Bxf3 Qxf3 22. Rhe1 $16) 21. Bf1 {Threatens to win with Qb7.} Nb8 {With the idea ...Nxc6.} 22. Na5 {[#] Hoping for Qb7.} Nd7 23. Nc6 {aiming for Qb7.} Nb8 1/2-1/2

[Event "71st MNE-ch 2019"]
[Site "Podgorica"]
[Date "2019.05.22"]
[Round "5"]
[White "Nikcevic, Nebojsa"]
[Black "Drasko, Milan"]
[Result "1/2-1/2"]
[WhiteElo "2435"]
[BlackElo "2418"]
[Annotator "TA"]
[PlyCount "68"]
[EventDate "2019.05.18"]
[EventType "swiss"]
[EventCountry "MNE"]
[SourceTitle "playchess.com"]
[Source "ChessBase"]
[SourceQuality "1"]

{[%evp 9,68,0,0,-8,42,28,38,25,47,51,86,58,70,73,64,43,46,49,59,22,26,20,40,30,39,39,39,41,33,27,54,14,14,22,21,20,15,13,75,73,78,70,93,96,97,40,53,58,51,59,56,27,37,0,0,0,0,0,0,-11,-16]} 1. Nf3 Nf6 2. c4 e6 3. g3 d5 4. Bg2 dxc4 5. O-O a6 6. Qc2 {A13: English Opening: 1...e6} Nc6 (6... Nbd7 7. a4 Nb6 8. a5 Nbd5 9. Qxc4 b5 10. axb6 cxb6 11. Nc3 Bb7 12. d4 b5 13. Qb3 Be7 {½-½ (67) Adhiban,B (2695)-Jumabayev,R (2602) Makati 2018}) 7. Qxc4 Bd6 8. d4 {White is slightly better.} O-O 9. Rd1 Qe7 $146 ({Predecessor:} 9... Bd7 10. Bg5 b5 11. Qb3 Be7 12. Ne5 Nxe5 13. Bxa8 Qxa8 14. dxe5 Bc6 15. exf6 gxf6 {1-0 (22) Allenspach,U-Moresanu,C Timisoara 1995}) 10. Nc3 b5 11. Qd3 ({Don't play} 11. Qxc6 Bd7 $15) 11... Bb7 12. e4 {[#] Strongly threatening e5.} e5 13. d5 Na5 14. Bh3 b4 15. Na4 Bxd5 16. exd5 {aiming for Nh4.} e4 {[%mdl 64] [#] Double Attack} 17. Qe3 {Nd4 is the strong threat.} exf3 18. Qxf3 Nc4 19. Bg5 Qe4 20. Bg2 Qxf3 21. Bxf3 Nd7 22. Rac1 h6 {White must now prevent ...Nce5.} 23. Bf4 Nde5 (23... Nce5 $1 $11 {remains equal.} 24. Bg2 Rae8) 24. Be2 $16 g5 25. b3 Na3 26. Bxe5 Bxe5 27. Rc6 (27. Nc5 $16) 27... Nb5 {Black wants to play ...Nd4.} 28. Rxh6 Kg7 29. Rh5 $36 {[%mdl 2048] White has some pressure.} Bf6 30. Bg4 Nc3 31. Nxc3 bxc3 {The position is equal.} 32. Bf5 Rfe8 33. Kf1 Re5 34. g4 Rd8 {Accuracy: White = 64%, Black = 68%.} 1/2-1/2

[Event "71st MNE-ch 2019"]
[Site "Podgorica"]
[Date "2019.05.22"]
[Round "5"]
[White "Pecurica, Milos"]
[Black "Musovic, Armin"]
[Result "1/2-1/2"]
[WhiteElo "2365"]
[BlackElo "2297"]
[Annotator "TA"]
[PlyCount "57"]
[EventDate "2019.05.18"]
[EventType "swiss"]
[EventCountry "MNE"]
[SourceTitle "playchess.com"]
[Source "ChessBase"]
[SourceQuality "1"]

{[%evp 13,57,29,42,28,34,42,51,28,64,68,73,47,48,46,55,51,134,145,131,99,110,109,110,85,87,82,95,59,64,63,58,60,59,58,66,55,67,51,77,70,71,72,85,85,113,71]} 1. Nf3 e6 2. c4 a6 3. g3 Nf6 4. Bg2 Be7 5. O-O O-O 6. d4 d5 7. Qc2 Nbd7 8. Rd1 {E08: Closed Catalan: Main Line: 7 Qc2} Re8 $146 ({Predecessor:} 8... dxc4 9. Qxc4 b5 10. Qc2 Bb7 11. Bf4 c5 12. dxc5 Be4 13. Qc1 Bxc5 14. Nc3 Rc8 15. Nxe4 Nxe4 16. Be3 Qe7 17. Bxc5 Nexc5 18. Qe3 Nb8 {½-½ (35) Sakaev,K (2584)-Afanasiev,N (2473) St Petersburg 2018}) 9. b3 h6 10. Nc3 {White is slightly better.} Bb4 11. Ne5 c6 12. Nd3 Bf8 13. Bb2 b6 14. e4 Bb7 (14... dxe4 $14 15. Nxe4 (15. Bxe4 Nxe4 16. Nxe4 Bb7 $14) 15... Bb7) 15. e5 $16 Nh7 16. cxd5 cxd5 17. f4 Rc8 18. Qe2 Nb8 {[%cal Bd7b8,Bb8c6,Bc6b4][%mdl 32]} 19. Qf2 Re7 20. Rd2 Rec7 21. Nd1 Nc6 22. Ne3 Nb4 23. Ne1 Qe8 24. Bf1 f5 25. Kh1 Kh8 26. Be2 Nc6 27. Qf1 {White is better.} Bb4 28. Rc2 Nb8 29. Rac1 {Accuracy: White = 46%, Black = 35%.} 1/2-1/2

[Event "71st MNE-ch 2019"]
[Site "Podgorica"]
[Date "2019.05.22"]
[Round "5"]
[White "Nikac, Predrag"]
[Black "Kisic, Bozidar"]
[Result "1/2-1/2"]
[WhiteElo "2319"]
[BlackElo "2200"]
[Annotator "TA"]
[PlyCount "36"]
[EventDate "2019.05.18"]
[EventType "swiss"]
[EventCountry "MNE"]
[SourceTitle "playchess.com"]
[Source "ChessBase"]
[SourceQuality "1"]

{[%evp 10,20,19,13,45,41,50,26,31,26,20,22,12]} 1. g3 e5 2. Bg2 Nf6 3. c4 Bc5 4. Nc3 O-O 5. e3 Re8 6. Nge2 Bf8 {A22: English Opening: 1...e5 2 Nc3 Nf6} (6... d6 7. O-O c6 8. b3 Bb6 9. Ba3 Bf5 10. d4 e4 11. h3 h6 12. g4 Bh7 13. Ng3 d5 14. h4 {1-0 (38) Mamedyarov,S (2801)-Anand,V (2768) Saint Louis 2018}) 7. O-O d6 8. b3 c6 9. d4 e4 10. d5 c5 {Predecessor:} 11. Bb2 $146 Bf5 12. Qd2 Qe7 13. Rad1 Nbd7 14. Nf4 Ne5 15. Qc1 g5 16. Nfe2 Nf3+ 17. Kh1 Ng4 18. Bxf3 exf3 {1-0 (45) Monticone,S (1805)-Barucco,M (2006) Condino 2009} 1/2-1/2

[Event "71st MNE-ch 2019"]
[Site "Podgorica"]
[Date "2019.05.22"]
[Round "5"]
[White "Milovic, Jovan"]
[Black "Djurovic, Peko"]
[Result "1/2-1/2"]
[WhiteElo "2280"]
[BlackElo "1898"]
[Annotator "TA"]
[PlyCount "126"]
[EventDate "2019.05.18"]
[EventType "swiss"]
[EventCountry "MNE"]
[SourceTitle "playchess.com"]
[Source "ChessBase"]
[SourceQuality "1"]

{[%evp 9,126,2,10,-1,2,-3,17,-23,-20,-36,-22,-50,-6,0,-2,-27,6,-56,-48,-85,-70,-191,-173,-175,-157,-160,-148,-145,-106,-102,-111,-116,-82,-80,-43,-71,-88,-69,-65,-194,-206,-198,-190,-191,-120,-122,-112,-125,-139,-141,-121,-296,-291,-289,-289,-570,-150,-161,-168,-173,-145,-170,-157,-476,-272,-276,-20,-17,-11,-8,-8,-27,-17,-24,-36,-123,0,0,45,41,58,52,54,52,89,68,100,14,43,8,8,0,8,8,8,8,8,0,0,0,0,7,0,0,0,0,0,0,0,0,0,0,0,0,0,0,8,0,0]} 1. g3 Nf6 2. Bg2 d5 3. f4 Bf5 4. Nf3 h6 (4... e6 5. d3 Be7 6. O-O h6 7. Ne5 c6 8. Nd2 O-O 9. e4 Bh7 10. Qe2 Na6 11. Kh1 Ne8 12. h4 Nd6 {1-0 (69) Reinderman,D (2575)-Himanshu,S (2420) Dieren 2018}) 5. d3 e6 6. Nc3 {A03: Bird's Opening with 1...d5} Bc5 7. e3 c6 8. O-O O-O 9. h3 Nbd7 10. Qe1 Qe7 $146 ({Predecessor:} 10... Qc7 11. a4 a5 12. g4 Bg6 13. Nh4 {1-0 (51) Bautz,V (1816)-Leder,N (1699) Dortmund 2016}) 11. Kh2 Bh7 12. b3 Bd6 13. Bb2 ({White should play} 13. e4 $1 $11 dxe4 14. Nxe4) 13... e5 $15 14. Nh4 Rae8 15. Kh1 (15. Nf3 $15) 15... exf4 $1 $19 16. exf4 Nh5 17. Qf2 Qe3 $1 18. Kh2 g5 19. Qxe3 Rxe3 20. Bf3 {Black should prevent Ng2.} Nxg3 21. Kxg3 Bxf4+ 22. Kf2 gxh4 23. Bc1 Rfe8 {Hoping for ...d4.} 24. Ne2 {[#]} (24. Kg2 $1 $15) 24... Rxe2+ $1 {[%mdl 64] Remove Defender} 25. Bxe2 Bg3+ 26. Kf3 Bg6 $36 {[%mdl 2048] Black has strong initiative.} (26... Bf5 $19 27. Bf4 Bxh3 28. Bxg3 Bxf1 29. Rxf1 hxg3) 27. Bd1 $17 Bh5+ $1 28. Kg2 Bxd1 29. Rxd1 Re2+ 30. Kf3 $2 (30. Kg1 $17) 30... Rf2+ $19 ({Weaker is} 30... Rxc2 31. Rd2 $15) 31. Ke3 f5 $1 ({Not} 31... Rxc2 32. Bd2 $17) 32. c4 $2 {[#]} (32. d4 Nf6 33. Kd3) 32... f4+ $2 (32... d4+ $1 {[%mdl 512]} 33. Kxd4 Rf3) 33. Kd4 Re2 34. cxd5 f3 35. Kc3 c5 $1 {Threatens to win with ...Be5+.} 36. d4 $2 (36. Bxh6 $17 {is more resistant.} Kh7 37. Bd2 (37. Bg5 $2 Kg6 $19)) 36... cxd4+ 37. Kd3 b5 $2 (37... Ne5+ $19 38. Kxd4 Be1) 38. Rf1 $11 Bf2 39. Rxf2 $1 Rxf2 40. Bxh6 {[%mdl 4096] Endgame KRB-KRN} Rh2 41. Kxd4 Rxh3 {And now ...f2 would win.} 42. Bf4 {[#]} (42. Bg5 $15) 42... f2 ({Black should try} 42... Kf7 $1 $17 43. Rg1 a5) 43. Rf1 $1 Rf3 44. Ke4 Rc3 45. Rxf2 h3 46. Be3 a5 47. d6 a4 {[#]} 48. bxa4 (48. b4 $1 $16) 48... bxa4 49. Bd4 Rg3 $1 {The position is equal.} 50. Rh2 a3 51. Kd5 Rd3 $1 52. Rf2 Rd1 53. Rh2 Rd3 $1 54. Kc6 Nb8+ 55. Kc5 Nd7+ 56. Kd5 Kf7 57. Rf2+ Kg6 58. Ke4 Rg3 59. Rh2 Kg5 60. Kd5 Kg4 61. Kc6 Nf8 62. Re2 Rg2 63. Rxg2+ hxg2 {Accuracy: White = 36%, Black = 61%.} 1/2-1/2

[Event "71st MNE-ch 2019"]
[Site "Podgorica"]
[Date "2019.05.22"]
[Round "5"]
[White "Kontic, Djordjije"]
[Black "Lekic, Dusan"]
[Result "1/2-1/2"]
[WhiteElo "2264"]
[BlackElo "2352"]
[Annotator "TA"]
[PlyCount "28"]
[EventDate "2019.05.18"]
[EventType "swiss"]
[EventCountry "MNE"]
[SourceTitle "playchess.com"]
[Source "ChessBase"]
[SourceQuality "1"]

{[%evp 11,14,-14,-23,-74,0]} 1. e4 e5 2. Nf3 Nc6 3. Nc3 Nf6 4. d4 exd4 5. Nd5 Nb4 6. Nxf6+ Qxf6 7. Bc4 {[#] C47: Scotch Four Knights and Four Knights with 4 g3} (7. a3 $11 {remains equal.} Nc6 8. Bb5) 7... d5 ({Black should play} 7... Bc5 $1 $17) {Predecessor:} 8. exd5 $146 Bg4 9. Bb5+ c6 10. dxc6 bxc6 11. Be2 Bc5 12. a3 Nd5 13. h3 Bf5 14. O-O O-O {½-½ (24) Neuer,T (2427)-Parkkinen,J (2466) ICCF email 2007} 1/2-1/2

[Event "71st MNE-ch 2019"]
[Site "Podgorica"]
[Date "2019.05.22"]
[Round "5"]
[White "Stankovic, Zarko"]
[Black "Sukovic, Andrej"]
[Result "0-1"]
[WhiteElo "2218"]
[BlackElo "2221"]
[Annotator "TA"]
[PlyCount "73"]
[EventDate "2019.05.18"]
[EventType "swiss"]
[EventCountry "MNE"]
[SourceTitle "playchess.com"]
[Source "ChessBase"]
[SourceQuality "1"]

{[%evp 16,73,0,-8,46,-8,-7,-3,0,0,0,-16,-6,-8,-6,-37,-31,-41,0,-7,0,-64,-12,-76,-66,-138,-131,-147,-121,-158,-143,-143,-129,-158,-164,-151,-178,-166,-63,-95,-106,-176,-166,-169,-45,-187,-179,-176,-182,-189,-80,-201,-153,-314,-182,-216,-199,-489,-461,-1257]} 1. e4 c5 2. Nf3 d6 3. d3 Nc6 4. g3 g6 5. Bg2 Bg7 6. O-O Nf6 7. c3 O-O 8. Re1 e5 9. Na3 d5 {A05: Réti Opening: 1 Nf3 Nf6} (9... h6 $11) (9... Re8 10. Bg5 h6 11. Bxf6 Bxf6 12. Nc4 b5 13. Ne3 Be6 14. Nd5 Bg7 15. a4 b4 16. Nd2 Na5 17. Qc2 Rb8 {½-½ (17) Malakhov,V (2664)-Efimenko,Z (2601) Moscow 2005}) 10. Bg5 $146 (10. exd5 $14 Nxd5 11. Nc4) ({Predecessor:} 10. exd5 Nxd5 11. Nc4 f6 12. d4 b5 13. dxc5 e4 14. Nd6 exf3 15. Qxd5+ {1-0 (15) Gabriel,J (2062)-Papapostolou,C (2071) Sooden Allendorf 2015}) 10... d4 $11 11. Nc4 h6 {The position is equal.} 12. Bd2 Ne8 13. cxd4 cxd4 14. b4 {[%cal Bb2b4,Bb4b5][%mdl 32] aiming for b5.} Nd6 15. Rc1 Nxc4 16. dxc4 Be6 17. b5 Nb8 18. h4 (18. c5 $11) 18... Nd7 ({Black should play} 18... Qe7 $15) 19. Bb4 (19. c5 $11 {remains equal.}) 19... Re8 $17 20. a4 (20. c5 $15) 20... b6 21. Bd6 Rc8 22. Nd2 Bf8 23. Bxf8 Rxf8 24. f4 exf4 25. gxf4 Qxh4 26. f5 {[#]} gxf5 (26... Ne5 $1 $19 {[%cal Re5g4] Strongly threatening ...Ng4.} 27. fxe6 fxe6) 27. Nf3 $15 Qf4 28. Nxd4 {[#]} (28. exf5 $17 {might work better.} Bxf5 29. Qxd4) 28... Nc5 $1 $19 {[%cal Rf5e4]} (28... Bxc4 29. Nxf5 Ne5 30. Qd6 $15) 29. exf5 Bxf5 (29... Rcd8 $19 30. fxe6 fxe6) 30. Nc6 ({White should try} 30. Nxf5 $15 Qxf5 31. Rc3) 30... Kh7 {Hoping for ...Rg8!} 31. Rf1 Qe3+ 32. Kh2 Bg6 ({Don't do} 32... Rg8 33. Qf3 $15) (32... Qg5 $19 {and Black stays clearly on top. And now ...Rg8 would win.} 33. Qd5 Qh4+ 34. Kg1 Be6) 33. Rf3 (33. Qd4 $17 {is a better defense.} Qxd4 34. Nxd4) 33... Qg5 $36 {[%mdl 2048] Black is in control.} 34. Rcc3 $2 (34. Rg3 $17 {was called for.} Qh4+ 35. Bh3) 34... Rce8 ({Don't play} 34... Be4 35. Rg3 $19) (34... Qh5+ $142 35. Bh3 Rce8) 35. Rg3 Qh4+ 36. Kg1 $2 (36. Rh3 Qf4+ 37. Kg1) 36... Ne4 37. Rxg6 {Accuracy: White = 19%, Black = 43%.} (37. Qd4 $142 Rd8 38. Nxd8 Rxd8 39. Qe5 Rd1+ 40. Bf1) 0-1

[Event "71st MNE-ch 2019"]
[Site "Podgorica"]
[Date "2019.05.22"]
[Round "5"]
[White "Vujacic, Igor"]
[Black "Tomic, Aleksandar"]
[Result "0-1"]
[WhiteElo "2205"]
[BlackElo "2357"]
[Annotator "RC"]
[PlyCount "72"]
[EventDate "2019.05.18"]
[EventType "swiss"]
[EventCountry "MNE"]
[SourceTitle "playchess.com"]
[Source "ChessBase"]
[SourceQuality "1"]
[TimeControl "40/5400+30:1800+30"]

1. e4 {[%emt 0:00:00]} c5 {[%emt 0:12:51]} 2. Nf3 {[%emt 0:00:11]} e6 {[%emt 0:00:27]} 3. d4 {[%emt 0:00:16]} cxd4 {[%emt 0:00:08]} 4. Nxd4 {[%emt 0:00:04]} a6 {[%emt 0:00:08]} 5. Nc3 {[%emt 0:00:09]} Qc7 {[%emt 0:00:16]} 6. Bd3 {[%emt 0:00:12]} Nf6 {[%emt 0:00:20]} 7. f4 {[%emt 0:00:24]} d6 {[%emt 0:00:48]} 8. Qf3 {[%emt 0:02:56]} h5 {[%emt 0:00:26]} 9. a4 {[%emt 0:23:43]} b6 {[%emt 0:00:50]} 10. Be3 {[%emt 0:17:19]} Bb7 {[%emt 0:08:26]} 11. h3 {[%emt 0:07:29]} Nbd7 {[%emt 0:02:48]} 12. O-O {[%emt 0:01:13]} g6 {[%emt 0:01:31]} 13. Rae1 {[%emt 0:13:57]} Bg7 {[%emt 0:04:43]} 14. Qg3 {[%emt 0:10:11]} h4 {[%emt 0:08:11]} 15. Qf2 {[%emt 0:03:25]} Nc5 {[%emt 0:03:12]} 16. f5 {[%emt 0:06:27]} gxf5 {[%emt 0:03:30]} 17. exf5 {[%emt 0:01:02]} e5 {[%emt 0:00:31]} 18. Bg5 {[%emt 0:03:44]} O-O-O {[%emt 0:04:15]} 19. Nb3 {[%emt 0:00:34]} Rdg8 {[%emt 0:12:37]} 20. Nxc5 {[%emt 0:00:13]} bxc5 {[%emt 0:02:39]} 21. Ne4 {[%emt 0:03:17]} Nxe4 {[%emt 0:03:06]} 22. Bxe4 {[%emt 0:00:22]} d5 {[%emt 0:00:51]} 23. f6 {[%emt 0:00:54]} Bf8 {[%emt 0:01:41]} 24. Bf5+ {[%emt 0:00:04]} Kb8 {[%emt 0:00:30]} 25. Bxh4 {[%emt 0:00:28]} c4 {[%emt 0:02:09]} 26. Bg3 {[%emt 0:00:06]} Bd6 {[%emt 0:01:20]} 27. Bg4 {[%emt 0:00:59]} Ka8 {[%emt 0:02:02]} 28. Qf5 {[%emt 0:00:13]} Bc5+ {[%emt 0:02:24]} 29. Bf2 {[%emt 0:00:17]} e4 {[%emt 0:02:18]} 30. c3 {[%emt 0:00:40]} Bd6 {[%emt 0:03:18]} 31. Be3 {[%emt 0:02:49]} Rh4 {[%emt 0:03:22]} 32. Bf4 {[%emt 0:00:48]} Bc5+ {[%emt 0:01:06]} 33. Be3 {[%emt 0:00:25]} Bd6 {[%emt 0:01:41]} 34. Bf4 {[%emt 0:00:05]} Qb6+ {[%emt 0:01:01]} 35. Be3 {[%emt 0:00:08]} Qc6 {[%emt 0:01:30]} 36. Qd7 {[%emt 0:00:47]} Rhxg4 0-1

[Event "71st MNE-ch 2019"]
[Site "Podgorica"]
[Date "2019.05.22"]
[Round "5"]
[White "Karisik, Nenad"]
[Black "Popovic, Mateja"]
[Result "1-0"]
[WhiteElo "2128"]
[BlackElo "1436"]
[Annotator "TA"]
[PlyCount "27"]
[EventDate "2019.05.18"]
[EventType "swiss"]
[EventCountry "MNE"]
[SourceTitle "playchess.com"]
[Source "ChessBase"]
[SourceQuality "1"]

{[%evp 16,27,33,16,126,119,122,122,120,121,208,133,420,418]} 1. e4 e5 2. Nf3 Nc6 3. Bb5 d6 4. d4 exd4 5. Qxd4 Bd7 6. Bxc6 Bxc6 7. Nc3 Nf6 8. Bg5 Be7 9. O-O-O Qd7 {C62: Ruy Lopez: Steinitz Defence} (9... O-O $11) (9... O-O 10. Rhe1 Re8 11. Qd2 h6 12. Bf4 Bf8 13. Qd3 Qc8 14. Nd4 Bd7 15. h3 a6 16. g4 b5 17. g5 Nh5 18. Bd2 hxg5 19. Bxg5 {1-0 (57) Bulmaga,I (2407)-Kunin,V (2544) Caleta 2019}) 10. e5 $16 dxe5 11. Qxe5 Qe6 12. Qxc7 {[#] Threatens to win with Rhe1.} Rc8 (12... O-O $16) 13. Qf4 O-O $146 {[%mdl 8192]} (13... h6 $16 {is a better defense.}) ({Predecessor:} 13... Qg4 14. Qxg4 Nxg4 15. Rhe1 f6 16. Bh4 Kf7 17. h3 Bxf3 18. gxf3 {1-0 (49) Skevos,S-Kayiavidis,G Athens 1999}) 14. Rhe1 1-0

[Event "71st MNE-ch 2019"]
[Site "Podgorica"]
[Date "2019.05.22"]
[Round "5"]
[White "Abramovic, Dragoljub"]
[Black "Pobor, Milo"]
[Result "0-1"]
[WhiteElo "2063"]
[BlackElo "1960"]
[Annotator "NA RC"]
[PlyCount "58"]
[EventDate "2019.05.18"]
[EventType "swiss"]
[EventCountry "MNE"]
[SourceTitle "playchess.com"]
[Source "ChessBase"]
[SourceQuality "1"]
[TimeControl "40/5400+30:1800+30"]

1. d4 d5 2. Nf3 Nf6 3. Bf4 c5 4. e3 Nc6 5. c3 Qb6 6. Qc1 Bf5 7. Nbd2 e6 8. Be2 c4 9. O-O Qa5 10. Ne5 Nxe5 11. Bxe5 Nd7 12. g4 Bg6 13. Bg3 b5 14. b3 Ba3 15. Qe1 Bb2 16. f4 Bc2 17. b4 Qa3 18. Nb1 Qa4 19. Nd2 Bxc3 20. a3 a5 21. e4 axb4 22. exd5 Bxa1 23. dxe6 Bxd4+ 24. Kg2 O-O 25. exd7 bxa3 26. Nf3 Be4 27. Bd1 Bxf3+ 28. Bxf3 a2 29. Bxa8 Qxa8+ 0-1